[Event "DVM U16w 2023"]
[Site "Magdeburg GER"]
[Date "2023.12.27"]
[Round "1"]
[White "Brandt, Clara"]
[Black "Popovidou, Laura"]
[Result "0-1"]
[Termination "normal"]
[Board "3.3"]
[WhiteElo "1267"]
[BlackElo "1021"]
[WhiteClock "00:28:59"]
[BlackClock "00:02:34"]
[WhiteTeam "SG Porz"]
[BlackTeam "SG Porz 2"]
[PlyCount "87"]
[WhiteFideId "34614737"]
[BlackFideId "16255836"]
[EventCountry "GER"]
[EventRounds "7"]
[EventType "team-swiss"]
[EventDate "2023.12.26"]

1. Nf3 {[%clk 01:30:59]} Nc6 {[%clk 01:30:26]} {[%emt 00:00:35]} 2. d4 {[%clk
01:31:15]} {[%emt 00:00:14]} d5 {[%clk 01:30:46]} {[%emt 00:00:10]} 3. g3
{[%clk 01:31:38]} {[%emt 00:00:07]} Nf6 {[%clk 01:30:51]} {[%emt 00:00:25]} 4.
Bg2 {[%clk 01:31:52]} {[%emt 00:00:15]} Bf5 {[%clk 01:30:15]} {[%emt 00:01:07]}
5. O-O {[%clk 01:32:02]} {[%emt 00:00:19]} Qd7 {[%clk 01:29:51]} {[%emt
00:00:54]} 6. c4 {[%clk 01:30:50]} {[%emt 00:01:42]} e6 {[%clk 01:26:05]}
{[%emt 00:04:17]} 7. Nh4 {[%clk 01:21:37]} {[%emt 00:09:42]} Nb4 {[%clk
01:19:59]} {[%emt 00:06:37]} 8. Nxf5 {[%clk 01:20:03]} {[%emt 00:02:04]} exf5
{[%clk 01:20:09]} {[%emt 00:00:19]} 9. Nc3 {[%clk 01:16:46]} {[%emt 00:03:47]}
dxc4 {[%clk 01:20:08]} {[%emt 00:00:32]} 10. Bxb7 {[%clk 01:15:40]} {[%emt
00:01:35]} Rb8 {[%clk 01:20:09]} {[%emt 00:00:28]} 11. Bg2 {[%clk 01:14:38]}
{[%emt 00:01:33]} h6 {[%clk 01:16:25]} {[%emt 00:04:14]} 12. a3 {[%clk
01:09:48]} {[%emt 00:05:20]} Nbd5 {[%clk 01:16:31]} {[%emt 00:00:25]} 13. Nxd5
{[%clk 01:08:32]} {[%emt 00:01:45]} Nxd5 {[%clk 01:16:46]} {[%emt 00:00:16]}
14. Qc2 {[%clk 01:06:26]} {[%emt 00:02:34]} Rb6 {[%clk 01:03:44]} {[%emt
00:13:33]} 15. Qxc4 {[%clk 01:01:00]} {[%emt 00:05:55]} Rd6 {[%clk 01:00:25]}
{[%emt 00:03:50]} 16. e3 {[%clk 00:55:19]} {[%emt 00:06:11]} Be7 {[%clk
01:00:22]} {[%emt 00:00:33]} 17. Bd2 {[%clk 00:53:53]} {[%emt 00:01:55]} O-O
{[%clk 01:00:19]} {[%emt 00:00:34]} 18. Rac1 {[%clk 00:52:30]} {[%emt
00:01:52]} Rc8 {[%clk 00:52:04]} {[%emt 00:08:45]} 19. Bb4 {[%clk 00:49:17]}
{[%emt 00:03:43]} Nxb4 {[%clk 00:47:47]} {[%emt 00:04:47]} 20. axb4 {[%clk
00:49:09]} {[%emt 00:00:38]} Rb6 {[%clk 00:43:44]} {[%emt 00:04:33]} 21. b5
{[%clk 00:38:49]} {[%emt 00:10:51]} Qxb5 {[%clk 00:27:13]} {[%emt 00:17:01]}
22. Qxb5 {[%clk 00:37:33]} {[%emt 00:01:45]} Rxb5 {[%clk 00:27:33]} {[%emt
00:00:10]} 23. Rc2 {[%clk 00:37:19]} {[%emt 00:00:45]} Bd6 {[%clk 00:27:35]}
{[%emt 00:00:28]} 24. Rfc1 {[%clk 00:36:18]} {[%emt 00:01:31]} Rb4 {[%clk
00:27:03]} {[%emt 00:01:03]} 25. Rc6 {[%clk 00:35:41]} {[%emt 00:01:06]} Rcb8
{[%clk 00:21:33]} {[%emt 00:06:01]} 26. Ra6 {[%clk 00:35:10]} {[%emt 00:00:59]}
Rxb2 {[%clk 00:19:56]} {[%emt 00:02:08]} 27. Rxa7 {[%clk 00:35:27]} {[%emt
00:00:12]} Rb1 {[%clk 00:19:39]} {[%emt 00:00:48]} 28. Rf1 {[%clk 00:35:01]}
{[%emt 00:00:56]} c5 {[%clk 00:15:39]} {[%emt 00:04:29]} 29. dxc5 {[%clk
00:32:48]} {[%emt 00:02:44]} Bxc5 {[%clk 00:15:22]} {[%emt 00:00:48]} 30. Bd5
{[%clk 00:31:03]} {[%emt 00:02:14]} Rxf1+ {[%clk 00:14:40]} {[%emt 00:01:12]}
31. Kxf1 {[%clk 00:31:12]} {[%emt 00:00:21]} Bxa7 {[%clk 00:15:00]} {[%emt
00:00:09]} 32. Kg2 {[%clk 00:31:22]} {[%emt 00:00:21]} Rb4 {[%clk 00:14:21]}
{[%emt 00:01:09]} 33. Kf3 {[%clk 00:30:59]} {[%emt 00:00:53]} g5 {[%clk
00:14:21]} {[%emt 00:00:29]} 34. h3 {[%clk 00:30:50]} {[%emt 00:00:40]} Kg7
{[%clk 00:14:10]} {[%emt 00:00:41]} 35. g4 {[%clk 00:30:32]} {[%emt 00:00:47]}
Rb5 {[%clk 00:12:47]} {[%emt 00:01:54]} 36. Bc4 {[%clk 00:30:12]} {[%emt
00:00:50]} Rc5 {[%clk 00:13:10]} {[%emt 00:00:07]} 37. Be2 {[%clk 00:30:27]}
{[%emt 00:00:15]} Kg6 {[%clk 00:11:52]} {[%emt 00:01:47]} 38. Bd3 {[%clk
00:30:41]} {[%emt 00:00:16]} Ra5 {[%clk 00:08:42]} {[%emt 00:03:40]} 39. Bxf5+
{[%clk 00:29:58]} {[%emt 00:01:13]} Kf6 {[%clk 00:09:00]} {[%emt 00:00:12]} 40.
Kg3 {[%clk 00:29:37]} {[%emt 00:00:52]} Bb8+ {[%clk 00:09:03]} {[%emt
00:00:27]} 41. Kf3 {[%clk 00:29:57]} {[%emt 00:00:10]} Ke5 {[%clk 00:09:07]}
{[%emt 00:00:25]} 42. Be4 {[%clk 00:29:37]} {[%emt 00:00:51]} Ra1 {[%clk
00:05:21]} {[%emt 00:04:16]} 43. Bf5 {[%clk 00:29:17]} {[%emt 00:00:49]} Kf6
{[%clk 00:02:34]} {[%emt 00:03:18]} 44. Be4 {[%clk 00:28:59]} {[%emt 00:00:48]}
*

[Event "DVM U16w 2023"]
[Site "Magdeburg GER"]
[Date "2023.12.27"]
[Round "1"]
[White "Brandt, Hilda"]
[Black "Siegel, Irene"]
[Result "0-1"]
[Termination "normal"]
[Board "3.4"]
[WhiteElo "836"]
[BlackElo "1313"]
[WhiteClock "01:05:25"]
[BlackClock "00:59:36"]
[WhiteTeam "SG Porz 2"]
[BlackTeam "SG Porz"]
[PlyCount "40"]
[WhiteFideId "34636447"]
[BlackFideId "16284380"]
[EventCountry "GER"]
[EventRounds "7"]
[EventType "team-swiss"]
[EventDate "2023.12.26"]

1. e4 {[%emt 00:00:05]} e5 {[%clk 01:30:44]} {[%emt 00:00:14]} 2. Bc4 {[%clk
01:31:10]} {[%emt 00:00:17]} Nf6 {[%clk 01:30:32]} {[%emt 00:00:41]} 3. d4
{[%clk 01:31:17]} {[%emt 00:00:23]} Nc6 {[%clk 01:28:13]} {[%emt 00:02:49]} 4.
Nf3 {[%clk 01:30:17]} {[%emt 00:01:30]} d6 {[%clk 01:15:35]} {[%emt 00:13:09]}
5. dxe5 {[%clk 01:27:36]} {[%emt 00:03:11]} Ng4 {[%clk 01:12:46]} {[%emt
00:03:15]} 6. exd6 {[%clk 01:26:12]} {[%emt 00:01:58]} Bxd6 {[%clk 01:13:00]}
{[%emt 00:00:16]} 7. h3 {[%clk 01:19:30]} {[%emt 00:07:12]} Nge5 {[%clk
01:13:06]} {[%emt 00:00:24]} 8. Nxe5 {[%clk 01:19:01]} {[%emt 00:00:59]} Nxe5
{[%clk 01:13:25]} {[%emt 00:00:10]} 9. Qe2 {[%clk 01:15:56]} {[%emt 00:03:27]}
Qe7 {[%clk 01:09:28]} {[%emt 00:04:30]} 10. Nc3 {[%clk 01:13:12]} {[%emt
00:03:20]} Nxc4 {[%clk 01:09:38]} {[%emt 00:00:20]} 11. Qxc4 {[%clk 01:12:29]}
{[%emt 00:01:12]} Be6 {[%clk 01:09:54]} {[%emt 00:00:13]} 12. Nd5 {[%clk
01:11:45]} {[%emt 00:01:16]} Bxd5 {[%clk 01:03:23]} {[%emt 00:07:01]} 13. Qxd5
{[%clk 01:11:12]} {[%emt 00:01:04]} O-O-O {[%clk 01:02:58]} {[%emt 00:00:54]}
14. Qf5+ {[%clk 01:10:30]} {[%emt 00:01:10]} Kb8 {[%clk 01:03:11]} {[%emt
00:00:18]} 15. O-O {[%clk 01:08:45]} {[%emt 00:02:15]} g6 {[%clk 01:03:17]}
{[%emt 00:00:23]} 16. Qg5 {[%clk 01:08:44]} {[%emt 00:00:30]} Qxe4 {[%clk
01:03:11]} {[%emt 00:00:40]} 17. c3 {[%clk 01:06:38]} {[%emt 00:02:35]} h6
{[%clk 01:01:27]} {[%emt 00:02:12]} 18. f3 {[%clk 01:06:22]} {[%emt 00:00:48]}
Qe6 {[%clk 00:59:57]} {[%emt 00:01:57]} 19. Qe3 {[%clk 01:06:02]} {[%emt
00:00:47]} Qd5 {[%clk 00:59:28]} {[%emt 00:01:01]} 20. Bd2 {[%clk 01:05:25]}
{[%emt 00:01:10]} Bc5 {[%clk 00:59:36]} {[%emt 00:00:23]} 0-1

[Event "DVM U16w 2023"]
[Site "Magdeburg GER"]
[Date "2023.12.27"]
[Round "1"]
[White "Fettan, Nua"]
[Black "Wartenberg, Alissa"]
[Result "0-1"]
[Termination "normal"]
[Board "4.1"]
[WhiteElo "1267"]
[BlackElo "1721"]
[WhiteClock "00:34:03"]
[BlackClock "00:16:50"]
[WhiteTeam "Hamburger SK 1830 2"]
[BlackTeam "Hamburger SK 1830"]
[PlyCount "50"]
[WhiteFideId "34637362"]
[BlackFideId "16280741"]
[EventCountry "GER"]
[EventRounds "7"]
[EventType "team-swiss"]
[EventDate "2023.12.26"]

1. e4 {[%clk 01:30:58]} {[%emt 00:00:02]} e5 {[%clk 01:30:44]} {[%emt
00:00:16]} 2. Nf3 {[%clk 01:31:22]} {[%emt 00:00:06]} Nc6 {[%clk 01:31:10]}
{[%emt 00:00:05]} 3. d4 {[%clk 01:31:43]} {[%emt 00:00:09]} exd4 {[%clk
01:31:36]} {[%emt 00:00:04]} 4. Nxd4 {[%clk 01:32:08]} {[%emt 00:00:04]} Qf6
{[%clk 01:31:38]} {[%emt 00:00:28]} 5. Be3 {[%clk 01:32:11]} {[%emt 00:00:27]}
Bc5 {[%clk 01:31:57]} {[%emt 00:00:11]} 6. c3 {[%clk 01:32:30]} {[%emt
00:00:11]} Nge7 {[%clk 01:32:18]} {[%emt 00:00:09]} 7. Bc4 {[%clk 01:32:38]}
{[%emt 00:00:21]} b6 {[%clk 01:32:15]} {[%emt 00:00:34]} 8. a3 {[%clk
01:31:26]} {[%emt 00:01:42]} a5 {[%clk 01:21:16]} {[%emt 00:11:29]} 9. O-O
{[%clk 01:30:47]} {[%emt 00:01:09]} Bb7 {[%clk 01:16:49]} {[%emt 00:04:57]} 10.
Nb5 {[%clk 01:27:17]} {[%emt 00:04:00]} Rc8 {[%clk 01:15:34]} {[%emt 00:01:46]}
11. Bxc5 {[%clk 01:19:37]} {[%emt 00:08:09]} bxc5 {[%clk 01:15:46]} {[%emt
00:00:18]} 12. f4 {[%clk 01:09:56]} {[%emt 00:10:11]} Ng6 {[%clk 01:05:39]}
{[%emt 00:10:36]} 13. Nd2 {[%clk 01:03:41]} {[%emt 00:06:46]} O-O {[%clk
00:59:50]} {[%emt 00:06:19]} 14. e5 {[%clk 00:59:16]} {[%emt 00:04:55]} Qh4
{[%clk 00:53:00]} {[%emt 00:07:20]} 15. g3 {[%clk 00:56:19]} {[%emt 00:03:27]}
Qh3 {[%clk 00:52:31]} {[%emt 00:00:59]} 16. Nf3 {[%clk 00:56:09]} {[%emt
00:00:37]} Nce7 {[%clk 00:31:24]} {[%emt 00:21:39]} 17. Qe2 {[%clk 00:48:42]}
{[%emt 00:07:57]} Nf5 {[%clk 00:25:52]} {[%emt 00:06:03]} 18. Rf2 {[%clk
00:43:42]} {[%emt 00:05:30]} Nxg3 {[%clk 00:21:05]} {[%emt 00:05:17]} 19. hxg3
{[%clk 00:42:10]} {[%emt 00:02:01]} Qxg3+ {[%clk 00:20:46]} {[%emt 00:00:49]}
20. Kf1 {[%clk 00:41:16]} {[%emt 00:01:24]} Nxf4 {[%clk 00:21:01]} {[%emt
00:00:15]} 21. Qe3 {[%clk 00:40:25]} {[%emt 00:01:21]} h5 {[%clk 00:17:48]}
{[%emt 00:03:44]} 22. Re1 {[%clk 00:38:16]} {[%emt 00:02:39]} Nh3 {[%clk
00:17:09]} {[%emt 00:01:08]} 23. Rh2 {[%clk 00:37:18]} {[%emt 00:01:28]} Bxf3
{[%clk 00:17:02]} {[%emt 00:00:37]} 24. Rd2 {[%clk 00:36:35]} {[%emt 00:01:13]}
Nf4 {[%clk 00:16:49]} {[%emt 00:00:43]} 25. Rf2 {[%clk 00:34:03]} {[%emt
00:03:02]} Bg2+ {[%clk 00:16:50]} {[%emt 00:00:30]} 0-1

[Event "DVM U16w 2023"]
[Site "Magdeburg GER"]
[Date "2023.12.27"]
[Round "1"]
[White "Modali, Nikhilamrutha"]
[Black "Abram, Kristina-Maria"]
[Result "1-0"]
[Termination "normal"]
[Board "4.2"]
[WhiteElo "1281"]
[BlackElo "1192"]
[WhiteClock "00:23:51"]
[BlackClock "01:12:04"]
[WhiteTeam "Hamburger SK 1830"]
[BlackTeam "Hamburger SK 1830 2"]
[PlyCount "91"]
[WhiteFideId "16282370"]
[BlackFideId "16298349"]
[EventCountry "GER"]
[EventRounds "7"]
[EventType "team-swiss"]
[EventDate "2023.12.26"]

1. e4 {[%clk 01:30:58]} {[%emt 00:00:02]} e6 {[%clk 01:30:45]} {[%emt
00:00:16]} 2. d3 {[%clk 01:31:17]} {[%emt 00:00:11]} Nc6 {[%clk 01:30:26]}
{[%emt 00:00:47]} 3. Nf3 {[%clk 01:30:16]} {[%emt 00:01:31]} d5 {[%clk
01:27:34]} {[%emt 00:03:22]} 4. Qe2 {[%clk 01:22:50]} {[%emt 00:07:58]} Nf6
{[%clk 01:22:19]} {[%emt 00:05:43]} 5. g3 {[%clk 01:17:21]} {[%emt 00:06:00]}
Bc5 {[%clk 01:18:58]} {[%emt 00:03:44]} 6. Bg2 {[%clk 01:02:57]} {[%emt
00:15:01]} O-O {[%clk 01:16:15]} {[%emt 00:03:12]} 7. O-O {[%clk 00:57:40]}
{[%emt 00:05:48]} Ne7 {[%clk 01:11:40]} {[%emt 00:05:00]} 8. e5 {[%clk
00:51:46]} {[%emt 00:06:28]} Nd7 {[%clk 01:10:47]} {[%emt 00:01:21]} 9. d4
{[%clk 00:48:50]} {[%emt 00:03:30]} Bb6 {[%clk 01:10:01]} {[%emt 00:01:14]} 10.
Ng5 {[%clk 00:31:03]} {[%emt 00:18:18]} f6 {[%clk 00:58:56]} {[%emt 00:11:33]}
11. Nxe6 {[%clk 00:28:24]} {[%emt 00:03:11]} Qe8 {[%clk 00:58:43]} {[%emt
00:00:42]} 12. Nxf8 {[%clk 00:27:10]} {[%emt 00:01:44]} Qxf8 {[%clk 00:58:54]}
{[%emt 00:00:19]} 13. e6 {[%clk 00:25:57]} {[%emt 00:01:44]} Nb8 {[%clk
00:57:38]} {[%emt 00:01:45]} 14. c3 {[%clk 00:25:00]} {[%emt 00:01:28]} c5
{[%clk 00:55:21]} {[%emt 00:02:46]} 15. dxc5 {[%clk 00:22:11]} {[%emt
00:03:21]} Bxc5 {[%clk 00:55:41]} {[%emt 00:00:09]} 16. Bf4 {[%clk 00:21:18]}
{[%emt 00:01:23]} Nbc6 {[%clk 00:54:46]} {[%emt 00:01:25]} 17. b4 {[%clk
00:20:21]} {[%emt 00:01:27]} Bb6 {[%clk 00:54:31]} {[%emt 00:00:44]} 18. Bd6
{[%clk 00:18:47]} {[%emt 00:02:05]} d4 {[%clk 00:53:18]} {[%emt 00:01:42]} 19.
c4 {[%clk 00:14:26]} {[%emt 00:04:52]} a6 {[%clk 00:51:07]} {[%emt 00:02:41]}
20. Qd2 {[%clk 00:09:15]} {[%emt 00:05:41]} Qd8 {[%clk 00:50:34]} {[%emt
00:01:00]} 21. c5 {[%clk 00:09:01]} {[%emt 00:00:46]} Ba7 {[%clk 00:50:18]}
{[%emt 00:00:46]} 22. a4 {[%clk 00:07:46]} {[%emt 00:01:46]} a5 {[%clk
00:49:51]} {[%emt 00:00:56]} 23. b5 {[%clk 00:07:13]} {[%emt 00:01:04]} Nb4
{[%clk 00:49:39]} {[%emt 00:00:36]} 24. Re1 {[%clk 00:05:12]} {[%emt 00:02:37]}
d3 {[%clk 00:48:55]} {[%emt 00:01:12]} 25. Be4 {[%clk 00:05:15]} {[%emt
00:00:29]} Nc2 {[%clk 00:49:04]} {[%emt 00:00:21]} 26. Qxd3 {[%clk 00:03:34]}
{[%emt 00:02:11]} Nxe1 {[%clk 00:49:08]} {[%emt 00:00:25]} 27. Bxh7+ {[%clk
00:03:57]} {[%emt 00:00:08]} Kf8 {[%clk 00:49:29]} {[%emt 00:00:07]} 28. Qe4
{[%clk 00:03:24]} {[%emt 00:01:04]} Bb8 {[%clk 00:47:50]} {[%emt 00:02:10]} 29.
Bxe7+ {[%clk 00:01:23]} {[%emt 00:02:31]} Qxe7 {[%clk 00:48:02]} {[%emt
00:00:17]} 30. Qxe1 {[%clk 00:01:49]} {[%emt 00:00:05]} Be5 {[%clk 00:47:50]}
{[%emt 00:00:41]} 31. Ra3 {[%clk 00:01:20]} {[%emt 00:01:00]} Bxe6 {[%clk
00:47:29]} {[%emt 00:00:51]} 32. Rf3 {[%clk 00:00:36]} {[%emt 00:01:14]} Bg4
{[%clk 00:46:56]} {[%emt 00:00:55]} 33. Re3 {[%clk 00:01:03]} {[%emt 00:00:10]}
Rd8 {[%clk 00:46:37]} {[%emt 00:00:49]} 34. Kg2 {[%clk 00:01:07]} {[%emt
00:00:27]} Qxc5 {[%clk 00:46:07]} {[%emt 00:00:59]} 35. Qxa5 {[%clk 00:01:23]}
{[%emt 00:00:15]} Re8 {[%clk 00:44:28]} {[%emt 00:02:06]} 36. Bg6 {[%clk
00:01:43]} {[%emt 00:00:13]} Qd5+ {[%clk 00:43:40]} {[%emt 00:01:11]} 37. Be4
{[%clk 00:01:26]} {[%emt 00:00:55]} Qc5 {[%clk 00:42:59]} {[%emt 00:01:04]} 38.
Bxb7 {[%clk 00:01:04]} {[%emt 00:00:58]} Qc2 {[%clk 00:42:10]} {[%emt
00:01:09]} 39. Qb4+ {[%clk 00:01:27]} {[%emt 00:00:18]} Kg8 {[%clk 00:42:19]}
{[%emt 00:00:16]} 40. Qxg4 {[%clk 00:01:07]} {[%emt 00:00:54]} Qxb1 {[%clk
00:42:27]} {[%emt 00:00:21]} 41. Bd5+ {[%clk 00:01:03]} {[%emt 00:00:34]} Kf8
{[%clk 00:42:40]} {[%emt 00:00:15]} 42. Qd7 {[%clk 00:23:18]} {[%emt 00:08:16]}
Qg6 {[%clk 01:12:20]} {[%emt 00:00:51]} 43. b6 {[%clk 00:23:05]} {[%emt
00:00:44]} Re7 {[%clk 01:11:54]} {[%emt 00:00:55]} 44. Qc8+ {[%clk 00:23:24]}
{[%emt 00:00:11]} Re8 {[%clk 01:11:58]} {[%emt 00:00:25]} 45. Qc5+ {[%clk
00:23:49]} {[%emt 00:00:06]} Re7 {[%clk 01:12:04]} {[%emt 00:00:22]} 46. b7
{[%clk 00:23:51]} {[%emt 00:00:31]} *

[Event "DVM U16w 2023"]
[Site "Magdeburg GER"]
[Date "2023.12.27"]
[Round "1"]
[White "Einacker, Lina"]
[Black "Einacker, Anika"]
[Result "0-1"]
[Termination "normal"]
[Board "4.3"]
[WhiteElo "1193"]
[BlackElo "1211"]
[WhiteClock "00:12:11"]
[BlackClock "00:14:05"]
[WhiteTeam "Hamburger SK 1830 2"]
[BlackTeam "Hamburger SK 1830"]
[PlyCount "76"]
[WhiteFideId "34630147"]
[BlackFideId "34620591"]
[EventCountry "GER"]
[EventRounds "7"]
[EventType "team-swiss"]
[EventDate "2023.12.26"]

1. e4 {[%clk 01:30:57]} {[%emt 00:00:03]} c5 {[%clk 01:30:53]} {[%emt
00:00:07]} 2. Nf3 {[%clk 01:31:05]} {[%emt 00:00:22]} e6 {[%clk 01:31:16]}
{[%emt 00:00:06]} 3. c4 {[%clk 01:31:20]} {[%emt 00:00:15]} Nc6 {[%clk
01:30:54]} {[%emt 00:00:52]} 4. Nc3 {[%clk 01:30:41]} {[%emt 00:01:09]} d6
{[%clk 01:29:20]} {[%emt 00:02:04]} 5. d4 {[%clk 01:29:31]} {[%emt 00:01:40]}
cxd4 {[%clk 01:27:51]} {[%emt 00:02:00]} 6. Nxd4 {[%clk 01:29:45]} {[%emt
00:00:16]} Nf6 {[%clk 01:27:25]} {[%emt 00:00:56]} 7. Be2 {[%clk 01:28:45]}
{[%emt 00:01:29]} Be7 {[%clk 01:26:13]} {[%emt 00:01:43]} 8. O-O {[%clk
01:26:15]} {[%emt 00:01:28]} O-O {[%clk 01:26:16]} {[%emt 00:01:58]} 9. a3
{[%clk 01:23:39]} {[%emt 00:03:07]} a6 {[%clk 01:20:31]} {[%emt 00:06:14]} 10.
Be3 {[%clk 01:21:10]} {[%emt 00:03:00]} Qc7 {[%clk 01:19:26]} {[%emt 00:01:34]}
11. Qb3 {[%clk 01:13:06]} {[%emt 00:08:34]} Na5 {[%clk 01:15:29]} {[%emt
00:04:27]} 12. Qa2 {[%clk 01:07:14]} {[%emt 00:06:23]} b6 {[%clk 01:11:13]}
{[%emt 00:04:45]} 13. b4 {[%clk 01:02:42]} {[%emt 00:05:02]} Nc6 {[%clk
01:06:18]} {[%emt 00:05:25]} 14. Nxc6 {[%clk 00:57:57]} {[%emt 00:05:15]} Qxc6
{[%clk 01:06:39]} {[%emt 00:00:10]} 15. Bf3 {[%clk 00:57:51]} {[%emt 00:00:36]}
e5 {[%clk 01:02:55]} {[%emt 00:04:13]} 16. Nd5 {[%clk 00:53:32]} {[%emt
00:04:49]} Nxd5 {[%clk 00:59:57]} {[%emt 00:03:29]} 17. cxd5 {[%clk 00:53:24]}
{[%emt 00:00:38]} Qb7 {[%clk 00:57:46]} {[%emt 00:02:37]} 18. Rac1 {[%clk
00:51:24]} {[%emt 00:02:34]} f5 {[%clk 00:55:37]} {[%emt 00:02:39]} 19. exf5
{[%clk 00:44:24]} {[%emt 00:07:29]} Bxf5 {[%clk 00:54:56]} {[%emt 00:01:11]}
20. Rc6 {[%clk 00:43:29]} {[%emt 00:01:25]} b5 {[%clk 00:53:36]} {[%emt
00:01:49]} 21. Bc5 {[%clk 00:38:47]} {[%emt 00:05:14]} Qd7 {[%clk 00:44:26]}
{[%emt 00:09:38]} 22. Rc1 {[%clk 00:36:17]} {[%emt 00:03:01]} Rfc8 {[%clk
00:41:40]} {[%emt 00:03:16]} 23. Bb6 {[%clk 00:32:02]} {[%emt 00:04:46]} Bd8
{[%clk 00:37:03]} {[%emt 00:05:06]} 24. Bxd8 {[%clk 00:27:20]} {[%emt
00:05:12]} Qxd8 {[%clk 00:35:20]} {[%emt 00:02:13]} 25. Qb3 {[%clk 00:26:08]}
{[%emt 00:01:43]} Bg6 {[%clk 00:27:05]} {[%emt 00:08:44]} 26. Bg4 {[%clk
00:25:00]} {[%emt 00:01:38]} Rxc6 {[%clk 00:23:32]} {[%emt 00:04:03]} 27. dxc6+
{[%clk 00:25:08]} {[%emt 00:00:23]} Bf7 {[%clk 00:22:36]} {[%emt 00:01:25]} 28.
Be6 {[%clk 00:23:52]} {[%emt 00:01:46]} Qc7 {[%clk 00:22:25]} {[%emt 00:00:40]}
29. Bxf7+ {[%clk 00:23:36]} {[%emt 00:00:46]} Qxf7 {[%clk 00:22:35]} {[%emt
00:00:22]} 30. Qh3 {[%clk 00:21:02]} {[%emt 00:03:04]} Qc7 {[%clk 00:19:30]}
{[%emt 00:03:35]} 31. Qd7 {[%clk 00:18:20]} {[%emt 00:03:11]} Rc8 {[%clk
00:19:32]} {[%emt 00:00:28]} 32. Qxc7 {[%clk 00:13:35]} {[%emt 00:05:14]} Rxc7
{[%clk 00:19:53]} {[%emt 00:00:10]} 33. f4 {[%clk 00:12:11]} {[%emt 00:01:55]}
exf4 {[%clk 00:19:56]} {[%emt 00:00:26]} 34. Kf2 {[%clk 00:12:16]} {[%emt
00:00:25]} Kf7 {[%clk 00:20:15]} {[%emt 00:00:11]} 35. Kf3 {[%clk 00:12:26]}
{[%emt 00:00:20]} g5 {[%clk 00:20:36]} {[%emt 00:00:09]} 36. Ke4 {[%clk
00:12:30]} {[%emt 00:00:26]} Ke6 {[%clk 00:20:42]} {[%emt 00:00:24]} 37. Kd4
{[%clk 00:11:59]} {[%emt 00:01:01]} h6 {[%clk 00:19:46]} {[%emt 00:01:26]} 38.
Re1+ {[%clk 00:12:11]} {[%emt 00:00:17]} Kf6 {[%clk 00:14:05]} {[%emt
00:06:11]} *

[Event "DVM U16w 2023"]
[Site "Magdeburg GER"]
[Date "2023.12.27"]
[Round "1"]
[White "Schwarzfischer, Julia"]
[Black "Lorenz, Veronika"]
[Result "1-0"]
[Termination "normal"]
[Board "5.1"]
[WhiteElo "1438"]
[BlackElo "1651"]
[WhiteClock "00:06:45"]
[BlackClock "00:03:52"]
[WhiteTeam "SF Roding"]
[BlackTeam "TSG Oberschöneweide"]
[PlyCount "40"]
[WhiteFideId "16268105"]
[BlackFideId "16277406"]
[EventCountry "GER"]
[EventRounds "7"]
[EventType "team-swiss"]
[EventDate "2023.12.26"]

1. e4 {[%clk 01:30:59]} e5 {[%clk 01:30:59]} {[%emt 00:00:01]} 2. Nf3 {[%clk
01:31:23]} {[%emt 00:00:06]} Nc6 {[%clk 01:31:28]} {[%emt 00:00:01]} 3. Bc4
{[%clk 01:31:47]} {[%emt 00:00:06]} Nf6 {[%clk 01:31:54]} {[%emt 00:00:04]} 4.
d3 {[%clk 01:32:12]} {[%emt 00:00:07]} Bc5 {[%clk 01:32:18]} {[%emt 00:00:05]}
5. c3 {[%clk 01:32:36]} {[%emt 00:00:06]} O-O {[%clk 01:32:41]} {[%emt
00:00:06]} 6. O-O {[%clk 01:32:44]} {[%emt 00:00:22]} d5 {[%clk 01:32:52]}
{[%emt 00:00:18]} 7. exd5 {[%clk 01:32:55]} {[%emt 00:00:20]} Nxd5 {[%clk
01:33:14]} {[%emt 00:00:07]} 8. d4 {[%clk 01:29:25]} {[%emt 00:04:01]} exd4
{[%clk 01:31:46]} {[%emt 00:01:58]} 9. cxd4 {[%clk 01:29:26]} {[%emt 00:00:28]}
Bb6 {[%clk 01:30:26]} {[%emt 00:01:49]} 10. h3 {[%clk 01:24:13]} {[%emt
00:05:44]} Bf5 {[%clk 01:21:53]} {[%emt 00:09:03]} 11. a3 {[%clk 01:22:28]}
{[%emt 00:02:15]} Re8 {[%clk 01:13:45]} {[%emt 00:08:38]} 12. b4 {[%clk
01:11:00]} {[%emt 00:11:57]} Be4 {[%clk 01:04:30]} {[%emt 00:09:46]} 13. Nbd2
{[%clk 00:46:44]} {[%emt 00:24:46]} Nxd4 {[%clk 00:55:25]} {[%emt 00:09:35]}
14. Nxe4 {[%clk 00:41:20]} {[%emt 00:05:53]} Rxe4 {[%clk 00:55:34]} {[%emt
00:00:22]} 15. Ng5 {[%clk 00:39:48]} {[%emt 00:02:02]} Re7 {[%clk 00:44:08]}
{[%emt 00:11:56]} 16. Nxh7 {[%clk 00:31:54]} {[%emt 00:08:25]} Re5 {[%clk
00:17:38]} {[%emt 00:27:00]} 17. Kh1 {[%clk 00:12:09]} {[%emt 00:20:14]} Kxh7
{[%clk 00:14:32]} {[%emt 00:03:37]} 18. f4 {[%clk 00:10:35]} {[%emt 00:02:04]}
Nc3 {[%clk 00:09:24]} {[%emt 00:05:37]} 19. Qg4 {[%clk 00:09:24]} {[%emt
00:01:40]} Re7 {[%clk 00:04:51]} {[%emt 00:05:03]} 20. f5 {[%clk 00:06:45]}
{[%emt 00:03:09]} Ne4 {[%clk 00:03:52]} {[%emt 00:01:30]} *